000 00503nam a2200169Ia 4500
008 090201s9999 xx 000 0 und d
010 _aKPL-48742
040 _bमराठी
041 _aमराठी
082 _a36605
_b48742
100 _aविश्वास पाटील
245 _aपांगिरा
_cविश्वास पाटील
260 _c2004
_bग्रंथाली
300 _a276
_bमोठा
600 _aपांगिरा
942 _cBOOK
999 _c234556
_d234556